|
|
|
|
| LEADER |
00000nam a2200000Ii 4500 |
| 001 |
DIGHERDER0498 |
| 003 |
NyNyDIG |
| 007 |
cr ||||||||||| |
| 008 |
220410s2019 sp o 000 0 spa d |
| 006 |
m o d |
| 035 |
|
|
|a (OCoLC)1330439612
|
| 040 |
|
|
|a DGITA
|b eng
|e rda
|e pn
|c DGITA
|
| 020 |
|
|
|a 9788425441776
|q eBook
|q ePub
|
| 020 |
|
|
|z 9788425441769
|
| 041 |
1 |
|
|a spa
|h ger
|
| 043 |
|
|
|a e-gw---
|
| 050 |
1 |
4 |
|a LC226.7.G3 ebook
|
| 100 |
1 |
|
|a Omer, Haim,
|d 1949-
|e author.
|
| 240 |
1 |
0 |
|a Neue Autorität.
|l Spanish
|s (Vea Soriano).
|
| 245 |
1 |
0 |
|a Hacia una nueva autoridad :
|b el secreto de los padres firmes /
|c Haim Omer y Philip Streit ; traducción de Luisa Vea Soriano.
|
| 250 |
|
|
|a 1a. edición digital.
|
| 264 |
|
1 |
|a Barcelona :
|b Herder,
|c 2019.
|
| 300 |
|
|
|a 1 online resource.
|
| 336 |
|
|
|a text
|b txt
|2 rdacontent
|
| 337 |
|
|
|a computer
|b c
|2 rdamedia
|
| 338 |
|
|
|a online resource
|b cr
|2 rdacarrier
|
| 347 |
|
|
|a text file
|2 rdaft
|
| 347 |
|
|
|b EPUB
|
| 588 |
0 |
|
|a Online resource; title from ePub title page (Digitalia, viewed May 12, 2022)
|
| 650 |
|
0 |
|a Parent-teacher relationships
|z Germany.
|
| 650 |
|
0 |
|a Child psychology,
|
| 655 |
|
0 |
|a Electronic books.
|
| 700 |
1 |
|
|a Streit, Philip,
|e author.
|
| 700 |
1 |
|
|a Vea Soriano, María Luisa,
|e translator.
|
| 700 |
1 |
|
|i Translation of:
|a Omer, Haim,
|d 1949-
|t Neue Autorität.
|
| 791 |
2 |
|
|a Digitalia (Firm),
|e distributor.
|
| 793 |
0 |
|
|g Digitalia eBook Collection:
|a Herder Editorial
|
| 776 |
0 |
8 |
|i Print version:
|a Omer, Haim, 1949-
|s Neue Autorität. Spanish (Vea Soriano).
|t Hacia una nueva autoridad.
|d Barcelona : Herder, 2019
|z 9788425441769
|
| 856 |
4 |
0 |
|3 Digitalia Hispánica
|u https://www.digitaliapublishing.com/a/61501/
|
| 910 |
|
|
|a Premium collection: 2022
|